| 000 | 00758nam a2200217 a 4500 | ||
|---|---|---|---|
| 001 | 15208 | ||
| 003 | CO-ViMGA | ||
| 008 | 141112s2004 ck r 000 u spa d | ||
| 020 | _a844811776X | ||
| 040 |
_aCO-ViMGA _bspa _cCO-ViMGA |
||
| 082 | 0 | 4 | _a616.89 B355m |
| 100 | 1 |
_aBelloch, Amparo; Sandin, Bonifacio; Ramos, Francisco _912440 |
|
| 245 | 1 | 0 |
_aManual de Psicopatología : _bVol 1 |
| 260 |
_aMadrid (E), _cMcGraw Hill, _c1995 |
||
| 300 | _a796.p. | ||
| 505 | _aEstres y trastornos emocionales Trastornos Psicoticos y de personalidad Psicopatología del desarrollo | ||
| 650 | 1 | 4 |
_aESTRES Y TRASTORNOS EMOCIONALES _912442 |
| 650 | 1 | 4 |
_aPSICOPATOLOGIA DEL DESARROLLO _912444 |
| 650 | 1 | 4 |
_aTRASTORNOS PSICOTICOS Y DE PERSONALIDAD _912443 |
| 942 |
_2ddc _cBK |
||
| 999 |
_c25581 _d25581 |
||